Manera de estar solo /
שמור ב:
| מחבר ראשי: | |
|---|---|
| פורמט: | לא ידוע |
| שפה: | Spanish |
| יצא לאור: |
La Habana, Cuba :
Ediciones Unión de Escritores y Artistas de Cuba,
1989.
|
| סדרה: | (Manjuarí. Poesía)
|
| נושאים: | |
| תגים: |
הוספת תג
אין תגיות, היה/י הראשונ/ה לתייג את הרשומה!
|
MARC
| LEADER | 000000000a22000000004500 | ||
|---|---|---|---|
| 001 | 001797 | ||
| 041 | 0 | |a spa | |
| 082 | 0 | 4 | |a Cu861.44 |b M538m |
| 100 | 1 | |a Méndez, Roberto | |
| 245 | 1 | 0 | |a Manera de estar solo / |c Roberto Méndez. |
| 260 | 1 | |a La Habana, Cuba : |b Ediciones Unión de Escritores y Artistas de Cuba, |c 1989. | |
| 300 | |a 76 páginas | ||
| 490 | 1 | |a (Manjuarí. Poesía) | |
| 650 | 4 | |a LITERATURA CUBANA | |
| 650 | 4 | |a POESIA | |
| 999 | |c 8461 |d 8461 | ||
| 942 | |c BK |h Cu861.44 M538m |2 z | ||
